| 000 | 00762nam a2200217 a 4500 | ||
|---|---|---|---|
| 001 | 000011254 | ||
| 005 | 20240412074224.0 | ||
| 008 | 091015s1973 dr r 000 p spa d | ||
| 040 |
_aDO-SdBNP _bspa _cBNPHU |
||
| 082 |
_aRD861.44 _bI12o |
||
| 100 | 1 |
_aIbarra de Victoria, María _926820 |
|
| 245 | 1 | 0 |
_aOndas de emoción : ayer y hoy / _cMaría Ibarra de Victoria; prólogo Ángel Rafael Lamarche. |
| 246 | 3 | 3 |
_aPoesías : _bondas de emocion; ayer y hoy |
| 260 |
_aSanto Domingo : _bTribuna Hispanica, _c1973. |
||
| 300 |
_a167 p. ; _c20 cm. |
||
| 590 | _aInventariado, 2018/BT | ||
| 650 | 0 |
_aPoesía dominicana _966 |
|
| 650 | 0 |
_aLiteratura dominicana. _967 |
|
| 700 | 1 | 2 |
_aLamarche, Ángel Rafael, _epról. _924282 |
| 910 | _aValidado. Control de calidad. MFF | ||
| 999 |
_c10972 _d10972 |
||